00317nam a2200121Ia 4500008004100000041001200041082001600053100001400069245006600083260002900149300000900178650000800187221030s9999 xx 000 0 und d aEnglish a105.23bECA aECA / BPB 0aUp- To- Date CMOS 4000 Data & Comparison Tablescby ECA / BPB bBPB PubaNew Delhic1992 a3.18 aECE